[Event "CRO-ch U15"]
[Site "Trogir"]
[Date "2024.06.27"]
[Round "8"]
[White "Perdic, Arijan"]
[Black "Solar, Noa"]
[Result "1-0"]
[WhiteElo "1800"]
[BlackElo "1645"]
[PlyCount "71"]
[EventDate "2024.06.23"]
[EventType "swiss"]
[EventRounds "9"]
[EventCountry "CRO"]
[SourceTitle "EXT 2025"]
[Source "ChessBase"]
[SourceDate "2024.10.14"]
[SourceVersion "1"]
[SourceVersionDate "2024.10.14"]
[SourceQuality "1"]

1. d4 c5 2. d5 d6 3. c4 e5 4. Nc3 Nf6 5. e4 g6 6. Be2 Bg7 7. Bg5 a6 8. Nf3 Nbd7 9. h3 0-0 10. Qd2 Qc7 11. Nh2 Kh8 12. g4 Ng8 13. h4 f6 14. Be3 Nb6 15. 0-0-0 Bd7 16. Qc2 Nc8 17. a4 Na7 18. f4 exf4 19. Bxf4 Rab8 20. g5 f5 21. h5 fxe4 22. h6 Rxf4 23. hxg7+ Kxg7 24. Nxe4 Re8 25. Qc3+ Re5 26. Ng3 Bxa4 27. b3 Bd7 28. Nf3 Rxf3 29. Bxf3 Bc8 30. Rde1 Qe7 31. Rxe5 Qxe5 32. Qxe5+ dxe5 33. Re1 b5 34. Rxe5 a5 35. d6 bxc4 36. Rxc5 1-0